000 01043nam a22002417a 4500
001 9301
003 FISKH
005 20251209144844.0
008 251209b cb ||||| |||| 00| 0 eng d
020 _a9781909767935
040 _aFISKH
_beng
_cFISKH
_dFISKH
082 _a510
100 _aJacoby, Jenny
245 _aMaths activity book : Packed with activities book /
_cby Jenny Jacoby ; Designed and illustrated by Vicky Barker
260 _aLondon :
_bBsmall,
_c2016.
300 _a32 pages :
_bcolor illustrations ;
_c25 cm
520 _aMaths is a huge part of science, technology and engineering. Young mathematicians can discover more at home by reading the simple explanations and doing the beautifully illustrated activities on each page. Start a lifelong passion for STEM subjects and inspire problem-solving skills.
650 _aMath Activity Book
_vJuvenile Nonfiction
_xWorkbook
650 _aActivity Book
_vChildren’s Nonfiction
700 _aBarker, Vicky
_eillustratrator
942 _2ddc
_cBK
_n0
999 _c9301
_d9301